LIBRARY & INFORMATION CENTRE, KCAET, TAVANUR

ONLINE PUBLIC ACCESS CATALOGUE (OPAC)

Pakshikal koodanayunnilla / (Record no. 18120)

MARC details
000 -LEADER
fixed length control field 00443nam a2200181 4500
003 - CONTROL NUMBER IDENTIFIER
control field OSt
008 - FIXED-LENGTH DATA ELEMENTS--GENERAL INFORMATION
fixed length control field 241005b |||||||| |||| 00| 0 eng d
020 ## - INTERNATIONAL STANDARD BOOK NUMBER
ISBN 9788119131464
041 ## - LANGUAGE CODE
Language code of text/sound track or separate title mal
082 ## - DEWEY DECIMAL CLASSIFICATION NUMBER
Classification number 894.8123
Item number NAS/PA
100 ## - MAIN ENTRY--AUTHOR NAME
Personal name Nasar, T.P.
245 ## - TITLE STATEMENT
Title Pakshikal koodanayunnilla /
250 ## - EDITION STATEMENT
Edition statement 1st ed.
260 ## - PUBLICATION, DISTRIBUTION, ETC. (IMPRINT)
Place of publication Thiruvananthapuram :
Name of publisher Chintha Publishers,
Year of publication 2023.
300 ## - PHYSICAL DESCRIPTION
Number of Pages 288p.
650 ## - SUBJECT ADDED ENTRY--TOPICAL TERM
Topical Term Novel
942 ## - ADDED ENTRY ELEMENTS (KOHA)
Koha item type Books
Holdings
Withdrawn status Lost status Damaged status Home library Current library Date acquired Source of acquisition Cost, normal purchase price Full call number Accession Number Koha item type
      KAUAET KAUAET 05/10/2024 Donated by KT Jaleel MLA 380.00 894.8123 NAS/PA 26272 Books
free website counter